000 00818nam a22002417a 4500
003 BUBTL
008 161218b xxu||||| |||| 00| 0 eng d
020 _a9780824750534
082 _a677.02825/ G6998t/ 2009
100 _94730
_aGoswami, Bhuvenesh C.
245 _aTextile Sizing /
_c Bhuvenesh C. Goswami, Rajesh D. Anandjiwala, David M. Hall
250 _a1st Edn.
260 _aNew York :
_bMarcel Dekker,
_cc2004.
300 _avi,410 p.:
_bill.;
_c21 cm.
500 _aincludes Index
505 _aTextile Sizing, Bhuvenesh C. Goswami, Rajesh D. Anandjiwala, David M. Hall, Sizing Process
650 0 _9909
_aTextile Engineering
700 _91822
_a Anandjiwala,Rajesh D.
700 _91823
_a Hall,David M.
856 _k0
_l0
_yDownload
942 _2ddc
_cBK
999 _c6746
_d6746